|
|
|
|
| LEADER |
01833cas a2200265 a 4500 |
| 001 |
AALejournalIMF011913 |
| 008 |
230101c9999 xx r poo 0 0eng d |
| 020 |
|
|
|c 5.00 USD
|
| 020 |
|
|
|z 9781475504217
|
| 022 |
|
|
|a 1018-5941
|
| 040 |
|
|
|a BD-DhAAL
|c BD-DhAAL
|
| 100 |
1 |
|
|a Muller, Gernot.
|
| 245 |
1 |
0 |
|a What Determines Government Spending Multipliers? /
|c Gernot Muller, Andre Meier, Giancarlo Corsetti.
|
| 264 |
|
1 |
|a Washington, D.C. :
|b International Monetary Fund,
|c 2012.
|
| 300 |
|
|
|a 1 online resource (46 pages)
|
| 490 |
1 |
|
|a IMF Working Papers
|
| 500 |
|
|
|a <strong>Off-Campus Access:</strong> No User ID or Password Required
|
| 500 |
|
|
|a <strong>On-Campus Access:</strong> No User ID or Password Required
|
| 506 |
|
|
|a Electronic access restricted to authorized BRAC University faculty, staff and students
|
| 520 |
3 |
|
|a This paper studies how the effects of government spending vary with the economic environment. Using a panel of OECD countries, we identify fiscal shocks as residuals from an estimated spending rule and trace their macroeconomic impact under different conditions regarding the exchange rate regime, public indebtedness, and health of the financial system. The unconditional responses to a positive spending shock broadly confirm earlier findings. However, conditional responses differ systematically across exchange rate regimes, as real appreciation and external deficits occur mainly under currency pegs. We also find output and consumption multipliers to be unusually high during times of financial crisis.
|
| 538 |
|
|
|a Mode of access: Internet
|
| 700 |
1 |
|
|a Corsetti, Giancarlo.
|
| 700 |
1 |
|
|a Meier, Andre.
|
| 830 |
|
0 |
|a IMF Working Papers; Working Paper ;
|v No. 2012/150
|
| 856 |
4 |
0 |
|z Full text available on IMF
|u http://elibrary.imf.org/view/journals/001/2012/150/001.2012.issue-150-en.xml
|z IMF e-Library
|